|
|
|
|
| LEADER |
00000cam a2200000 7i4500 |
| 001 |
0000000077 |
| 005 |
20021007.0 |
| 020 |
0 |
0 |
|a 9839592777
|
| 090 |
0 |
0 |
|a FRIM633.58
|b CHO 1998
|
| 100 |
1 |
0 |
|a CHOO
|h K.T. (Keng Ten)
|
| 245 |
1 |
0 |
|a High pressure sap displacement (HPSD) method and Bethell process for treatment of roung bamboo
|c K.T. Choo & K.S. Gan
|
| 260 |
0 |
0 |
|a Kuala Lumpur :
|b FRIM ,
|c 1998
|
| 300 |
|
|
|a 15 p. :
|b ill. (some col.) ;
|c 22 cm.
|
| 440 |
0 |
0 |
|a FRIM technical information handbook; n. 16
|
| 650 |
0 |
0 |
|a Bamboo
|x Diseases and pests
|x Control
|
| 650 |
0 |
0 |
|a Wood preservatives
|
| 700 |
0 |
1 |
|a Gan
|h K. S. (Kee Seng)
|
| 710 |
1 |
1 |
|a Institut Penyelidikan Perhutanan Malaysia (FRIM)
|
| 998 |
|
|
|a JPSM
|
| 999 |
|
|
|a 0000001028
|b Monograph
|c Open Shelf
|e Default branch
|
| 999 |
|
|
|a 0000003480
|b Monograph
|c Open Shelf
|e Default branch
|